Piaget, la filosofia y las ciencias humanas / (Registro nro. 16880)

Detalles MARC
000 -LEADER
fixed length control field 01132nam a2200289 4500
001 - CONTROL NUMBER
control field 0000016538
003 - CONTROL NUMBER IDENTIFIER
control field CO-CtgCURN
005 - DATE AND TIME OF LATEST TRANSACTION
control field 20250331183910.0
007 - PHYSICAL DESCRIPTION FIXED FIELD--GENERAL INFORMATION
fixed length control field ta
008 - FIXED-LENGTH DATA ELEMENTS--GENERAL INFORMATION
fixed length control field 160627s1993 000 0 eng d
020 ## - INTERNATIONAL STANDARD BOOK NUMBER
International Standard Book Number 9681640756
040 ## - CATALOGING SOURCE
Original cataloging agency CO-CtgCURN
Language of cataloging spa
Transcribing agency coctgcurn
082 0# - DEWEY DECIMAL CLASSIFICATION NUMBER
Classification number 121
Item number S587p
100 1# - MAIN ENTRY--PERSONAL NAME
Personal name Silverman, Hugh J.
245 10 - TITLE STATEMENT
Title Piaget, la filosofia y las ciencias humanas /
Statement of responsibility, etc. por Hugh J. Silverman (Compilador) , traducción de Juan José Utrilla.
260 ## - PUBLICATION, DISTRIBUTION, ETC.
Place of publication, distribution, etc. Mexico :
Name of publisher, distributor, etc. Fondo de cultura economica,
Date of publication, distribution, etc. 1993.
300 ## - PHYSICAL DESCRIPTION
Extent 274 p.
336 ## - CONTENT TYPE
Source rdacontent
337 ## - MEDIA TYPE
Source rdamedia
Media type term sin mediacion
Media type code n
338 ## - CARRIER TYPE
Source rdacarrier
Carrier type term volumen
Carrier type code nc
505 8# - FORMATTED CONTENTS NOTE
Formatted contents note La teoria piagetiana del conocimiento.--Estructura y orden.--Seminario de la facultad sobre el concepto de estructura en la epistemología genetica de piajet.--Piaget y freud sobre la memoria infantil
650 14 - SUBJECT ADDED ENTRY--TOPICAL TERM
Topical term or geographic name entry element Filosofia de la ciencia.
700 1# - ADDED ENTRY--PERSONAL NAME
Personal name Utrilla, Juan José,
Relator term Traductor; Silverman, Hugh J, comp.
908 ## - PUT COMMAND PARAMETER (RLIN)
Put command parameter 160627
942 ## - ADDED ENTRY ELEMENTS (KOHA)
Koha item type Libros
Classification part 121
Item part S587p
Source of classification or shelving scheme Dewey Decimal Classification
Existencias
Withdrawn status Lost status Source of classification or shelving scheme Damaged status Not for loan Collection Home library Current library Shelving location Date acquired Inventory number Total checkouts Full call number Barcode Date last seen Price effective from Koha item type Public note
    Dewey Decimal Classification     General Miguel Henríquez Castañeda Miguel Henríquez Castañeda General 03/31/2025 007149   121 S587p 007149 03/31/2025 03/31/2025 Libros 120-EPISTE